| 000 | 00353nam a22001457a 4500 | ||
|---|---|---|---|
| 003 | macl | ||
| 005 | 20200117154547.0 | ||
| 008 | 200117b xxu||||| |||| 00| 0 eng d | ||
| 040 | _cmacl | ||
| 100 |
_aChowdhari , Reeta _977854 |
||
| 245 | _aModi's Foreign Policy | ||
| 260 |
_aDelhi _bSAGE _c2017 |
||
| 650 |
_aforeign policy _918654 |
||
| 942 |
_2ddc _cBK |
||
| 999 |
_c61823 _d61823 |
||